000 00448nam a2200181Ia 4500
001 22931
005 20260414150903.0
008 260414t2018||||xx |||||||||||||| ||spa||
041 _aESP
082 _a624.17
_bV66P
100 _aVillarreal Castro, Genner
_eAUT
245 0 _aProblemas resueltos de dinámica estructural
_b
260 _c2018
300 _a54 páginas :
_c29 cm.
650 _a0
654 _aCIC
942 _cLIB
_dJUS
_fJUS
_2ddc
_n
999 _c22931
_d22931